000 00661pam a2200217 a 4500
020 _a0813389569 (alk. paper)
040 _cDLC
082 0 0 _a382 WES 1996 A073 Or.
245 0 0 _aRegulation and protectionism under GATT :
_bcase studies in North American agriculture /
260 _aBoulder, Colo. :
_bWestview Press,
_c1996.
300 _ax, 341 p. :
_bill., maps ;
_c24 cm.
650 0 _aTariff on farm produce
650 0 _aTariff on farm produce
650 0 _aTariff on farm produce
650 0 _aProtectionism
650 0 _aProtectionism
700 1 _aSchmitz, Andrew.
700 1 _aCoffin, Garth.
700 1 _aRosaasen, Kenneth A.
942 _cEK
999 _c15165
_d15165